Statistics for English Words of French Origin

Click here to take the quiz!

General Stats

  • This quiz has been taken 315 times
  • The average score is 7 of 20

Answer Stats

DefinitionWord% Correct
Head cookChef
82%
Meeting or dateRendezvous
66%
Eating establishment where you are served at your tableRestaurant
61%
Without, lackingSans
58%
Blind alley or dead end streetCul-de-sac
54%
Pale greenish-blue colourTurquoise
48%
The movie industryCinema
45%
A triumph, a takeoverCoup
41%
Waiter in a french restaurantGarçon
38%
Estate where wine is produced; manor houseChâteau
33%
Big hamletVillage
32%
The act of disguising to seem invisibleCamouflage
27%
An acknowledgement of a hit or an argumentTouché
20%
Car with a retractable topCabriolet
19%
Composite work of artCollage
19%
The management of money and other assetsFinance
17%
Small handgunPistolet
17%
Friendly diplomatic understandingEntente
15%
Group of art pioneersAvant-garde
14%
Top crust of a dishGratin
5%

Score Distribution

Percentile by Number Answered

Percent of People with Each Score

Your Score History

You have not taken this quiz